Statistiques concernant Culture Générale - Série 579

Cliquez ici pour prendre le quiz!

Statistiques générales

  • Ce quiz a été pris 102 fois
  • Le résultat moyen est 7 sur 10

Statistiques - réponses

QuestionRéponse% Correct
Dans la série de BD, Lucky Luke est "l'homme qui tire plus vite que...son ombre
98%
Au début d'une partie d'échecs, quelle pièce se trouve à droite ou à gauche des tours, sur l'échiquier ?cavalier
92%
Selon l'expression, à quelle heure va-t-on chercher midi lorsqu'on complique inutilement les choses ?14 heures
88%
Selon l'Ancien testament, combien de plaies frappèrent l'Égypte ?10
84%
Quel souriceau est choisi par Bianca pour secourir une petite orpheline, dans un film d'animation de Disney de 1977 ?Bernard
81%
Quel chanteur de reggae jamaïcain a fait un tube posthume, en 1992, avec la chanson : "Iron Lion Zion" ?Bob Marley
76%
Quel est le nom du flibustier incarné par Johnny Depp dans la saga cinématographique "Pirates des Caraïbes" ?Jack Sparrow
70%
L'ensemble du gouvernement pontifical est appelé le Saint-...Siège
64%
En 1975, quel romancier, prénommé Emile, reçoit le prix Goncourt pour “La Vie devant soi” ?Emile Ajar
42%
De quel roman de Dostoïevski de 1866, Raskolnikov est-il le héros ?Crime et Châtiment
28%

Distribution des résultats

Percentile par nombre de réponses

% des personnes avec chaque résultat

Votre développement - résultats

Vous n’avez pas pris ce quiz